[Event "Bela Crkva op"]
[Site "Bela Crkva"]
[Date "1996.??.??"]
[Round "9"]
[White "Drasko, Milan"]
[Black "Mukhametov, Eldar"]
[Result "1-0"]
[WhiteElo "2505"]
[BlackElo "2505"]
[PlyCount "51"]
[EventDate "1996.??.??"]
[EventType "swiss"]
[EventRounds "9"]
[EventCountry "YUG"]
[SourceTitle "EXT 2002"]
[Source "ChessBase"]
[SourceDate "2001.11.25"]
[SourceVersion "1"]
[SourceVersionDate "2001.11.25"]
[SourceQuality "1"]

1. Nf3 {Ftacnik,Lubomir} d5 2. g3 c6 3. Bg2 Bg4 4. O-O Nd7 5. d4 e6 6. Nbd2 f5 7. c4 Bd6 8. Qb3 Rb8 ({RR} 8... Qb6 9. Qe3 f4 10. gxf4) 9. Re1 Nh6 ({RR} 9... Qe7 10. Ne5 ({RR} 10. Nh4 Ngf6 11. f3 g5) ({RR} 10. h3 Bh5 11. cxd5 cxd5 12. e4 ({RR} 12. g4 Bf7 13. gxf5 exf5 14. Nf1 Ngf6 15. Ne3 g6 16. Ng5 Nb6 17. a4 f4 18. Nxf7 Kxf7 19. Nxd5 Nfxd5 ({RR} 19... Qe6 20. e4 Nbxd5 21. Bd2 Nc7 22. Qxe6+ Nxe6 23. e5 Nxd4 24. exd6 Rhe8) 20. a5 Kg7 21. axb6 Nxb6 22. Rxa7 Bb4 23. Bxf4 Bxe1 24. Bxb8 Rxb8 25. Qxb6) 12... fxe4 13. Nxe4 dxe4 14. Rxe4 Bf7 15. Ng5 Ngf6 16. Nxf7 Kxf7 17. Bg5 Rhe8 18. Rae1 Nf8 19. f4 Qd7 20. Bxf6 Kxf6 21. g4 g6 22. f5 exf5 23. gxf5 gxf5 24. Rf1 Rxe4) 10... Nxe5 ({RR} 10... Bh5 11. cxd5 cxd5 12. Nxd7 ({RR} 12. Ndf3 {RR} Ngf6 13. Bf4 O-O) ({RR} 12. f3) 12... Qxd7 13. f3 Ne7) ({RR} 10... Ngf6 11. Nxg4 Nxg4 12. cxd5 exd5 13. e4 O-O 14. e5 Bb4 15. a3 Ba5 16. Bxd5+ cxd5 17. Qxd5+ Kh8 18. Qxa5 f4 19. Ne4 Qf7 20. f3 Nxh2 21. Kxh2 Qh5+ 22. Kg2 fxg3 23. f4 Qh2+ 24. Kf3) 11. dxe5 Bxe5 12. cxd5 exd5 13. e4 fxe4 14. Nxe4 dxe4 15. Rxe4 Nf6 16. Bg5 Be6 ({RR} 16... Qe6 17. Qxe6+ Bxe6 18. Rxe5 Kf7 19. a4 Rhe8 20. a5 a6 21. Rae1) 17. Qe3 Nd5 18. Qd2 Qf7 19. Rxe5 O-O 20. Rae1) ({RR} 9... Ngf6 10. Ng5 Qe7 11. f3 Bh5 12. e4 h6 13. exf5 e5 14. Ne6 Bf7 15. c5 Nxc5 16. dxc5 Bxc5+ 17. Kh1 Bd6 18. Nxg7+ Kf8 19. Ne6+ Bxe6 20. fxe6 h5 21. Bh3) ({RR} 9... Qf6 10. cxd5 cxd5 11. Qa4 Ne7 12. Ne5 b5 13. Qxa7 Nxe5 14. dxe5 Bxe5 15. Nf3 Bxf3 16. exf3 Nc6 17. Qc5 Kd7 18. Rxe5 Nxe5 19. Qa7+ Kd6 20. Bf4 g5 21. Be3 Rhc8 22. Bd4 Ra8 23. Qb6+ Rc6 24. Bc5+) ({RR} 9... Qf6 10. cxd5 cxd5 11. e4 fxe4 12. Ng5 Ne7 13. Ndxe4 dxe4 14. Nxe4 Qxd4 15. Be3 Qb4 16. Bd2 {1-0 (16) Valles Moreno,I (2401)-Soham,D (2330) Clichy 2022}) ({RR} 9... Qf6 10. cxd5 cxd5 11. Qa4 Ne7 12. Ne5 b5 13. Qxa7 Nxe5 14. dxe5 Bxe5 15. Nf3 Bxf3 16. exf3 Nc6 17. Qc5 Kd7 18. Rxe5 Nxe5 19. Qa7+ Kd6 20. Bf4 g5 21. Be3 Rhc8 22. Bd4 Ra8 23. Qb6+ Rc6 24. Bc5+ {Drasko,M (2505)-Blagojevic,D (2460) Tivat 1995 ½-½ (41)}) 10. cxd5 cxd5 11. Ne5 ({RR} 11. h3 Bh5 12. e4 fxe4 ({RR} 12... Bxf3 13. Bxf3 fxe4 14. Nxe4 dxe4 15. Qxe6+ Qe7 ({RR} 15... Be7 16. Bxh6 exf3 17. Bxg7) 16. Rxe4 Kd8 17. Qd5) ({RR} 12... dxe4 13. Qxe6+ ({RR} 13. Ng5 Bf7 14. Ndxe4) 13... Qe7 14. Ng5 Bf7) 13. Ng5 Bf7 ({RR} 13... Qxg5 14. Nxe4 Qe7 15. Bg5 ({RR} 15. Nxd6+ Qxd6 16. Bf4 Qe7 17. Bxd5) 15... Nf6 ({RR} 15... Qf8 16. Qxd5 Be7 17. Nd6+ Kd8 18. Bxe7+ Qxe7 19. Rxe6) 16. Nxd6+ Qxd6 17. Bf4 Qd8 18. Bxb8 Qxb8 19. Rxe6+ Kf7 20. Rae1) ({RR} 13... Qe7 14. Nxe6 Qxe6 ({RR} 14... Nf6 15. Bxe4 dxe4 ({RR} 15... Qxe6 16. Bg6+) 16. Nxe4 Nxe4 17. Rxe4 Kf7 18. Nf4+) 15. Rxe4 Be5 16. Re1) 14. Ndxe4 dxe4 ({RR} 14... Be7 15. Nxf7 Nxf7 16. Nc3) 15. Nxe6 Bxe6 ({RR} 15... Qe7 16. Rxe4 {RR} Be5 17. Nxg7+ Kf8 ({RR} 17... Kd8 18. Qa4 Qf6 19. dxe5 Qxg7 20. e6) 18. Bxh6 Bxb3 19. Nf5+) ({RR} 15... Ng8 16. Rxe4 Bxe6 17. Rxe6+ Be7 18. Bf4) ({RR} 15... Nf5 16. Rxe4 Be7 17. Bg5) ({RR} 15... Qb6 16. Nxg7+ Kd8 17. Qxb6+ axb6 18. Bxh6) ({RR} 15... Qf6 16. Rxe4 Be7 17. Bf4 Rd8 ({RR} 17... Rc8 18. Qxb7 Bxe6 19. Qxc8+ Bd8 20. Bg5) 18. d5 Nf5 ({RR} 18... Bxe6 19. Rxe6 Qf7 20. d6) 19. Rae1) 16. Qxe6+ Qe7 ({RR} 16... Be7 17. Bxh6 ({RR} 17. Bf4 Rc8 18. Bxe4 Nf8 19. Qb3) 17... gxh6 18. Bxe4 ({RR} 18. Rxe4 Rf8 19. Rae1 ({RR} 19. d5 Nc5) 19... Rf7 20. Qxh6 Nf6) 18... Rf8 ({RR} 18... Nf6 19. Bd3 Kf8 20. Bc4 Qe8 21. Qe3) 19. Bxh7 Rf6 20. Qg4) 17. Rxe4 Kd8 ({RR} 17... Nf7 18. Qd5 ({RR} 18. Qb3)) ({RR} 17... Qxe6 18. Rxe6+ Be7 19. Bxh6 Kf7 20. Rae1 Bb4 21. Bd5 Bxe1 22. Rxe1+ Kg6 23. Bxg7 Kxg7 24. Re7+ Kh6 25. Rxd7 Rhd8 26. Rxd8 Rxd8 27. Bxb7 Rxd4 28. b3) 18. Qd5 {1-0 (18) Kramnik,V (2730)-Beliavsky,A (2650) Belgrade 1995 CBM 051 [Ftacnik,Lubomir]} {RR} Qf8 ({RR} 18... Nf6 19. Rxe7 Nxd5 20. Re6 Nf5 21. Bxd5 Nxd4 22. Rxd6+ Ke7 23. Be4 Kxd6 24. Bf4+ Kc5 25. Bxb8 Rxb8 26. Bxh7) 19. Re6 ({RR} 19. Bg5+ Nf6 20. Rae1 Nf7 21. Re6 Rg8 ({RR} 21... Kc7 22. Bxf6 gxf6 23. Rxf6) 22. Rxf6 gxf6 23. Bxf6+ Kc7 24. Qa5+ b6 ({RR} 24... Kd7 25. Qb5+) 25. Qxa7+ Kc8 26. Rc1+) 19... Bc7 ({RR} 19... Be7 20. Rxe7 Qxe7 21. Bg5) 20. Bg5+ Kc8 21. Rc1) 11... Bh5 $146 ({RR} 11... Nxe5 12. dxe5 Bc7 13. h3 Bh5 14. f4 Bb6+ 15. Kh2 O-O 16. Nf3 Bxf3 17. Bxf3 {½-½ (17) Hug,W (2445)-Speelman,J (2600) Altensteig 1994}) ({RR} 11... Nxe5 12. dxe5 Bc7 13. h3 Bh5 14. f4 Bb6+ 15. Kh2 O-O 16. Nf3 Bxf3 17. Bxf3) ({RR} 11... Bxe5 12. dxe5 O-O 13. Nf3 Bxf3 14. exf3 Nf7 15. f4 Nc5 16. Qa3 b6 17. b4 Nd7 18. Be3 a5 19. bxa5 bxa5 20. Rec1 Nb6 21. Bf1 Nc4 22. Bxc4 dxc4 23. Rxc4 Rb5 24. Qa4 Qd5 25. Rac1 g5 26. Rd4 {Valdes Romero,L (2402)-Ibragimov,I (2548) Sitges 2014 0-1 (61)}) 12. Qa4 a6 13. Ndf3 Nf7 14. Bf4 Qe7 15. Nxf7 Kxf7 16. Ng5+ Kf6 17. e4 fxe4 18. Rxe4 Bf7 19. h4 h6 20. Bxd6 Qxd6 21. Rf4+ Qxf4 22. gxf4 hxg5 23. Qxd7 gxh4 24. Rc1 h3 25. Rc7 Rbf8 26. Qe7+ 1-0

[Event "El Vendrell"]
[Site "El Vendrell"]
[Date "1996.??.??"]
[Round "6"]
[White "Akopian, Vladimir Eduardovic"]
[Black "Ionov, Sergey"]
[Result "1-0"]
[WhiteElo "2620"]
[BlackElo "2515"]
[PlyCount "65"]
[EventDate "1996.??.??"]
[EventType "swiss"]
[EventRounds "9"]
[EventCountry "ESP"]
[SourceTitle "EXT 1998"]
[Source "ChessBase"]
[SourceDate "1997.11.17"]
[SourceVersion "1"]
[SourceVersionDate "1997.11.17"]
[SourceQuality "1"]

1. Nf3 Nf6 2. g3 d5 3. Bg2 c6 4. O-O Bg4 5. b3 Nbd7 6. Bb2 e6 7. d3 Bd6 8. Nbd2 O-O 9. h3 Bh5 10. e4 e5 11. Qe1 Re8 12. Nh4 Nc5 13. Nf5 Bc7 14. f4 exf4 15. gxf4 dxe4 16. Nxe4 Nfxe4 17. dxe4 Ne6 18. Qg3 Bg6 19. Rad1 Qb8 $146 ({RR} 19... Nxf4 20. Qxf4 Bxf4 21. Rxd8 Raxd8 22. Rxf4 Rd1+ 23. Rf1 Red8 24. Bc3 f6 25. Kf2 Bxf5 26. exf5 Kf7 27. a4 g6 28. Be4 Rxf1+ 29. Kxf1 gxf5 30. Bxf5 Rd5 31. Bd3 Rh5 32. Kg2 Ke6 33. Kg3 Rg5+ 34. Kf4 {Jansa,V (2495)-Keene,R (2490) Aarhus 1983 1-0 (41)}) 20. Qc3 Bxf4 21. Rxf4 Qxf4 22. Rf1 f6 23. Rxf4 Nxf4 24. Qf3 Nxg2 25. Nh6+ Kh8 26. Qxf6 Rg8 27. Qf2 Rge8 28. Qf6 Rg8 29. Qf2 Rge8 30. Kxg2 Rxe4 31. Qf6 Rg8 32. Qc3 Re2+ 33. Kg3 1-0

[Event "Moscow PCA qual"]
[Site "Moscow"]
[Date "1996.??.??"]
[Round "5"]
[White "Vaganian, Rafael A"]
[Black "Epishin, Vladimir"]
[Result "1-0"]
[WhiteElo "2615"]
[BlackElo "2645"]
[PlyCount "61"]
[EventDate "1996.??.??"]
[EventType "swiss"]
[EventRounds "11"]
[EventCountry "RUS"]
[SourceTitle "CBM 052 Extra"]
[Source "ChessBase"]
[SourceDate "1996.07.01"]
[SourceVersion "1"]
[SourceVersionDate "1996.07.01"]
[SourceQuality "1"]

1. Nf3 {Horn,Peter} Nf6 2. g3 d5 3. Bg2 c6 4. O-O Bg4 5. d3 Nbd7 6. Nbd2 e5 7. e4 Bd6 8. h3 Bh5 9. exd5 cxd5 10. c4 O-O ({RR} 10... d4) 11. cxd5 Nxd5 12. Qb3 N5f6 ({RR} 12... N5b6 13. Ne4 Be7 14. a4 a5 15. Be3 Bb4 16. Rac1 Rc8 17. Rxc8 Nxc8 18. Qd5 Ncb6 19. Qb5 Re8 20. g4 Bg6 21. Rc1 h6 22. Nfd2 Re6 23. Nb3 Qa8 24. Rc7 Qd8 25. Rxb7 Kh7 26. Nxa5 Bxa5 27. Qxa5 {Amin,B (2694)-Yu Yangyi (2735) Biel SUI 2023 ½-½ (44)}) 13. Nc4 ({RR} 13. Ne4 Nxe4 14. dxe4 Nc5 15. Qd5 Bxf3 16. Bxf3 Qf6 17. Bg2 Rfd8 18. Be3 Bf8 19. Qc4 Nd3) ({RR} 13. Qxb7 Nc5 14. Qb5 Rb8 15. Qc4 Bg6 16. Ne1 Rc8) 13... Nc5 14. Qa3 Rc8 $146 ({RR} 14... Bxf3 15. Bxf3 Be7 16. Nxe5 Ncd7 17. Qc3 Rc8 18. Qe1 ({RR} 18. Qd4 Bc5 19. Qf4 Nxe5 20. Qxe5 Qxd3 ({RR} 20... Re8 21. Qf5) 21. Bxb7 Bd4 22. Qg5 h6 23. Qf4 Rc2) 18... Re8 19. Nxd7 Qxd7 20. Kg2 b6 21. Qd1 Bc5 22. Rb1 a5 23. d4 Bxd4 24. Bg5 Red8 25. Rc1 Rxc1 26. Qxc1 h6 27. Bf4 Nd5 28. Bd2 Nb4 29. Qb1 {Aravindh,C (2671)-Pranav,V (2587) Dubai UAE 2024 ½-½ (52)}) ({RR} 14... Bxf3 15. Bxf3 Be7 16. Nxe5 Ncd7 17. Qc3 Rc8 18. Qe1 Bc5 19. Nxd7 Qxd7 20. Kg2 b6 ({RR} 20... Qxd3 21. Bxb7 Rce8 22. Qc3) 21. Bg5 Qf5 22. Qd2 Bd4 23. Be3 Rcd8 24. Rad1 Rd7 25. Rfe1 Rfd8 26. Bf4 ({RR} 26. Bxd4 Rxd4 27. Re3) 26... Nd5 27. Bg5 ({RR} 27. Bg4 Nxf4+ 28. gxf4 Qd5+) 27... Nf6 28. Re2 h6 29. Bxf6 {Vaganian,R (2625)-Kaidanov,G (2645) Glendale 1994 CBM 042 [Horn,Peter] 1-0 (79)}) ({RR} 14... Bxf3 15. Bxf3 Be7 16. Nxe5 Ncd7 17. Qc3 Rc8 18. Qe1 Re8 19. d4 Bc5 20. Qd1 Bxd4 21. Nxd7 Qxd7 22. Bg5 {½-½ (22) Collutiis,D (2429)-Maiorov,N (2511) St Eufemia d'Aspromonte 2010}) 15. Nxd6 Qxd6 16. Be3 b6 17. Nxe5 Nd5 18. d4 Nxe3 19. fxe3 f6 20. g4 Be8 21. Nd3 Bb5 22. Rad1 Ne4 23. Bxe4 Qg3+ 24. Bg2 Qxe3+ 25. Kh1 Kh8 26. d5 Rfd8 27. Rfe1 Qh6 28. Qxa7 Bd7 29. Nf2 f5 30. gxf5 Bxf5 31. Qe7 1-0

[Event "Moscow PCA qual"]
[Site "Moscow"]
[Date "1996.??.??"]
[Round "11"]
[White "Vaganian, Rafael A"]
[Black "Sakaev, Konstantin"]
[Result "1-0"]
[WhiteElo "2615"]
[BlackElo "2560"]
[PlyCount "117"]
[EventDate "1996.??.??"]
[EventType "swiss"]
[EventRounds "11"]
[EventCountry "RUS"]
[SourceTitle "CBM 052 Extra"]
[Source "ChessBase"]
[SourceDate "1996.07.01"]
[SourceVersion "1"]
[SourceVersionDate "1996.07.01"]
[SourceQuality "1"]

1. Nf3 g6 2. g3 Bg7 3. Bg2 e5 4. d3 d5 5. c4 d4 6. O-O Ne7 7. b4 O-O 8. Nbd2 c6 9. Nb3 ({RR} 9. a4 Bf5 10. b5 Nd7 11. Ba3 c5 12. Nh4 Qc7 13. Nxf5 Nxf5 14. a5 Nd6 15. Qa4 f5 16. Rae1 Rfe8 17. e3 Bh6 18. Bd5+ Kg7 19. Bc1 Nf6 20. Bg2 dxe3 21. fxe3 Nf7 22. a6 b6 23. Bxa8 Rxa8 {Arsovic,Z (2390)-Pajcin,L (2221) Vrnjacka Banja SRB 2023 1-0 (69)}) 9... h6 ({RR} 9... Na6 10. Qd2 Rb8 11. Bb2 b5 12. c5 Nd5 13. a3 Nac7 14. Rae1 Be6 15. Qc2 f6 16. e3 dxe3 17. fxe3 Bh6 18. Bc1 Ne7 19. Na5 Qd7 20. d4 e4 21. Qxe4 Bf5 22. Qh4 Bg7 23. Qf4 Ne6 24. Qd6 {Erdos,V (2610)-Bartel,M (2631) Biel 2015 1-0 (36)}) 10. a4 a6 $146 ({RR} 10... f5 11. b5 a6 12. Ba3 Re8 13. Qc2 Qc7 14. e3 dxe3 15. fxe3 Nd7 16. bxc6 Nxc6 17. Nh4 Kh7 18. e4 f4 19. gxf4 exf4 20. e5 Ncxe5 21. Rxf4 Nf6 22. Raf1 Nfg4 23. Bc5 Qd8 24. Nxg6 Nxg6 25. Be4 {Andonov,B (2415)-Hansen,C (2520) Uzhgorod 1988 0-1 (37)}) 11. Ba3 Re8 12. b5 axb5 13. axb5 cxb5 14. cxb5 Nd5 15. Qc2 Qd7 16. Nc5 Qd8 17. Ne4 f5 18. Nd6 Rxa3 19. Nxe8 Rxa1 20. Rxa1 Qxe8 21. Nxd4 Nb6 22. Nc6 bxc6 23. bxc6 e4 24. Rb1 Nxc6 25. Rxb6 Nd4 26. Qc4+ Be6 27. Qc7 Qa4 28. Bf1 Qa1 29. dxe4 fxe4 30. Rb7 Nxe2+ 31. Kg2 Bh3+ 32. Kxh3 Qxf1+ 33. Kg4 h5+ 34. Kg5 Qc1+ 35. Qxc1 Nxc1 36. Kxg6 Bf8 37. Rb2 Nd3 38. Re2 h4 39. Rxe4 Nxf2 40. Rxh4 Nd3 41. Re4 Nc5 42. Re8 Nb7 43. h4 Nd6 44. Re1 Nf7 45. g4 Nh8+ 46. Kf5 Nf7 47. g5 Bg7 48. Re8+ Bf8 49. Kg6 Nd6 50. Re6 Nf7 51. h5 Nh8+ 52. Kf5 Nf7 53. Rg6+ Kh7 54. Ra6 Kg8 55. Ra8 Nd6+ 56. Kg6 Nf7 57. h6 Ne5+ 58. Kf5 Nf7 59. Kf6 1-0

[Event "SLO-chT 06th"]
[Site "Bled"]
[Date "1996.??.??"]
[Round "4"]
[White "Kozul, Zdenko"]
[Black "Sermek, Drazen"]
[Result "1-0"]
[WhiteElo "2605"]
[BlackElo "2550"]
[PlyCount "59"]
[EventDate "1996.??.??"]
[EventType "team-tourn"]
[EventRounds "7"]
[EventCountry "SLO"]
[SourceTitle "CBM 055 Extra"]
[Source "ChessBase"]
[SourceDate "1997.01.01"]
[SourceVersion "1"]
[SourceVersionDate "1997.01.01"]
[SourceQuality "1"]
[WhiteTeam "Maribor SK Piramida"]
[BlackTeam "Krsko Triglav"]
[WhiteTeamCountry "SLO"]
[BlackTeamCountry "SLO"]

1. Nf3 d5 2. c4 d4 3. g3 g6 4. d3 Bg7 5. b4 e5 6. Bg2 Ne7 7. O-O O-O 8. Na3 ({RR} 8. a4 a5 9. b5 c5 10. Nbd2 Ra7 11. Ra3 b6 12. e3 h6 13. exd4 exd4 14. Re1 Nf5 15. Ra2 Nd6 16. Ne4 Nxe4 17. Rxe4 Bf5 18. Re1 Re8 19. Rxe8+ Qxe8 20. Re2 Re7 21. Rxe7 Qxe7 22. Nh4 Bc8 {Fressinet,L (2717)-Le,Q (2712) Dubai 2014 ½-½ (43)}) 8... Re8 ({RR} 8... c6 9. Nc2 f5 10. e3 dxe3 11. Bxe3 e4 12. Nfd4 exd3 13. Qxd3 Qc7 14. Rad1 Rd8 15. Qb3 Na6 16. Rfe1 {1-0 (16) Nemeth,J (2164)-Kaganskiy,G (2219) chess.com INT 2022}) 9. Nc2 $146 ({RR} 9. Rb1 a5 10. b5 c5 11. bxc6 Nexc6 12. Nb5 Na6 13. Ng5 h6 14. Ne4 Bf8 15. c5 Nxc5 16. Nxc5 Bxc5 17. Bxh6 Be6 18. a4 Rc8 19. e4 dxe3 20. Bxe3 Bb4 21. h4 Bf5 22. Rb3 Qd7 23. Qe2 Nd4 {Roeder,M (2425)-Laurent,J (2243) Le Touquet 2004 0-1 (39)}) 9... a5 10. b5 c5 11. Ba3 Nd7 12. e3 Ra7 13. Qe2 b6 14. Rae1 dxe3 15. Nxe3 Nf8 16. Bb2 f6 17. h4 Be6 18. Nd2 Bf7 19. Ne4 Ne6 20. h5 Nd4 21. Bxd4 exd4 {} 22. Ng4 Nd5 23. cxd5 Kf8 24. h6 Bh8 25. Qd2 f5 26. Ng5 fxg4 27. Qf4 Kg8 28. d6 Bxa2 29. Rxe8+ Qxe8 30. Bc6 1-0

[Event "Sitges op"]
[Site "Sitges"]
[Date "1996.??.??"]
[Round "8"]
[White "Marin, Mihail"]
[Black "Korneev, Oleg"]
[Result "1-0"]
[WhiteElo "2545"]
[BlackElo "2590"]
[PlyCount "133"]
[EventDate "1996.??.??"]
[EventType "swiss"]
[EventRounds "9"]
[EventCountry "ESP"]
[SourceTitle "EXT 1999"]
[Source "ChessBase"]
[SourceDate "1998.11.16"]
[SourceVersion "1"]
[SourceVersionDate "1998.11.16"]
[SourceQuality "1"]

1. Nf3 d5 2. g3 Bg4 3. Bg2 Nd7 4. c4 dxc4 5. Na3 c6 ({RR} 5... e5 6. Nxc4 Bxf3 7. Bxf3 c6 8. O-O Bc5 9. b4 Bxb4 10. Rb1 Bc5 11. Rxb7 Ne7 12. Bb2 Rb8 13. Rxb8 Qxb8 14. Qa1 f6 15. Bg4 Nb6 16. Nxe5 fxe5 17. Bxe5 Qd8 18. Bxg7 Rg8 19. Be6 Qxd2 20. Bxg8 {Perez Garcia,A (2361)-Adan Bermudez,S (2324) Zahara de la Sierra ESP 2023 1-0 (54)}) 6. Nxc4 Ngf6 7. b4 ({RR} 7. d3 e6 8. O-O Be7 9. Qb3 Nc5 10. Qc2 Nd5 11. a3 O-O 12. b4 Nd7 13. d4 f5 14. Re1 Kh8 15. Bb2 f4 16. Qb3 a6 17. Nfd2 Qe8 18. e4 fxe3 19. Nxe3 Nxe3 20. Rxe3 Qf7 21. Rf1 Nb6 {Vitiugov,N (2734)-Najer,E (2633) Ekaterinburg 2013 ½-½ (80)}) 7... e6 8. Qb3 $146 ({RR} 8. Rb1 Be7 9. O-O O-O 10. d3 Nd5 11. Bd2 Bf6 12. Qc2 e5 13. Na5 Qc7 14. Rfc1 Rac8 15. h3 Be6 16. e4 Ne7 17. Be3 Rfd8 18. d4 Qb8 19. Nc4 Ng6 20. Rd1 exd4 21. Nxd4 Bxc4 22. Qxc4 c5 {Dorin,M (2340)-Van Riemsdijk,H (2395) Roque Saenz Pena 1997 ½-½ (48)}) 8... Bxf3 9. Bxf3 Be7 10. Bb2 O-O 11. a3 Nd5 12. O-O Rc8 13. Rac1 a6 14. e4 N5f6 15. d4 Re8 16. Rfd1 Bf8 17. Rc2 Qc7 18. Bg2 Qb8 19. Bc1 h6 20. h3 Red8 21. Bf4 Qa7 22. Rcd2 Re8 23. Be3 Qb8 24. Bf4 Qa7 25. Qb2 b6 26. Qb3 a5 27. Rc2 axb4 28. axb4 Qa6 29. Rb1 b5 30. Na5 Nb6 31. Rbc1 Nc4 32. Nxc4 bxc4 33. Qxc4 Qxc4 34. Rxc4 Ra8 35. Bc7 Be7 36. e5 Nd5 37. Bd6 Bxd6 38. exd6 Rad8 39. Bxd5 cxd5 40. Rc6 f6 41. b5 Rd7 42. b6 Kh7 43. Rb1 Rb8 44. Rc7 Rxd6 45. b7 Rdd8 46. Rb6 e5 47. Kf1 exd4 48. Ke2 Kg6 49. Kd2 Kf5 50. Rbc6 Ke4 51. Rxg7 f5 52. Rxh6 Re8 53. Rh4+ Ke5 54. Kd3 Re6 55. Rd7 Rc6 56. f4+ Ke6 57. Rdh7 Rc3+ 58. Kxd4 Rc4+ 59. Kd3 Kd6 60. R4h6+ Kc5 61. Rc7+ Kb5 62. Rxc4 dxc4+ 63. Kc3 Rxb7 64. Rf6 Ka4 65. Kxc4 Rb4+ 66. Kd5 Rb3 67. g4 1-0

[Event "Vienna op"]
[Site "Vienna"]
[Date "1996.??.??"]
[Round "6"]
[White "Psakhis, Lev"]
[Black "Horvath, Jozsef"]
[Result "1-0"]
[WhiteElo "2590"]
[BlackElo "2515"]
[PlyCount "93"]
[EventDate "1996.??.??"]
[EventType "swiss"]
[EventRounds "9"]
[EventCountry "AUT"]
[SourceTitle "CBM 053 Extra"]
[Source "ChessBase"]
[SourceDate "1996.09.01"]
[SourceVersion "1"]
[SourceVersionDate "1996.09.01"]
[SourceQuality "1"]

1. e4 {ChessBase II} c5 2. Nf3 e6 3. d3 Nc6 4. g3 d5 5. Qe2 Nge7 6. Bg2 g6 7. O-O Bg7 8. c3 b6 9. e5 Qc7 10. Re1 h6 11. h4 Bb7 12. Na3 a6 13. Nc2 a5 ({RR} 13... Rc8 14. Bf4 Nf5 15. Rac1 a5 16. d4 O-O 17. Qd2 Qe7 18. Bf1 f6 ({RR} 18... cxd4 19. cxd4 Nb4 20. a3 Nxc2 21. Rxc2 Rxc2 22. Qxc2 Rc8) 19. Bh3 fxe5 20. Nxe5 Bxe5 21. Bxe5 g5 22. hxg5 Qxg5 23. Bf4 Qg6 24. Qd3 c4 25. Qe2 Rf6 26. Qg4 Rcf8 27. a4 h5 28. Qxg6+ {Bologan,V (2641)-Van Wely,L (2643) Eforie Nord 2000 CBM 081 [ChessBase II] 1-0 (40)}) 14. a4 Qd7 $146 ({RR} 14... Ba6 15. Na3 Na7 16. c4 Rd8 17. Nb5 Nxb5 18. cxb5 Bb7 19. d4 Nf5 20. b3 Bf8 21. Ba3 Be7 22. Rac1 c4 23. Bb2 Qb8 24. bxc4 dxc4 25. Rxc4 Bd5 26. Rec1 Bxc4 27. Rxc4 Rc8 28. Rc6 O-O 29. h5 {Svetushkin,D (2546)-Pavlov,S (2502) Corund 2017 1-0 (38)}) 15. d4 Ba6 16. Qd1 Qc7 17. Bf4 Nf5 18. Qd2 Rc8 19. Rec1 Qe7 20. Bh3 cxd4 21. cxd4 Kd7 22. Bf1 Bxf1 23. Kxf1 Rc7 24. Na3 Na7 25. Qd3 Rb8 26. Nb5 Nxb5 27. Qxb5+ Kd8 28. Rxc7 Qxc7 29. Rc1 Qd7 30. Rc6 Bf8 31. g4 Nxh4 32. Nxh4 g5 33. Bd2 gxh4 34. Bxa5 Ke8 35. Bxb6 Be7 36. a5 Kf8 37. Rc5 Qxb5+ 38. Rxb5 Ke8 39. Kg2 Kd7 40. Rb3 Bd8 41. Kh3 Bxb6 42. Rxb6 Rxb6 43. axb6 Kc6 44. Kxh4 Kxb6 45. g5 hxg5+ 46. Kxg5 Kb5 47. Kf6 1-0

[Event "Linares Anibal op 03rd"]
[Site "Linares"]
[Date "1996.??.??"]
[Round "?"]
[White "Shchekachev, Andrei"]
[Black "Lobron, Eric"]
[Result "1-0"]
[WhiteElo "2500"]
[BlackElo "2590"]
[PlyCount "75"]
[EventDate "1996.01.??"]
[EventType "swiss"]
[EventRounds "10"]
[EventCountry "ESP"]
[SourceTitle "CBM 051 Extra"]
[Source "ChessBase"]
[SourceDate "1996.05.01"]
[SourceVersion "1"]
[SourceVersionDate "1996.05.01"]
[SourceQuality "1"]

1. Nf3 d5 2. c4 d4 3. g3 g6 4. b4 Bg7 5. d3 e5 6. Nbd2 Ne7 ({RR} 6... Bf5 7. Bg2 c6 8. Bb2 f6 9. c5 Be6 10. Ne4 Bf8 11. e3 dxe3 12. fxe3 Bd5 13. Ned2 Nd7 14. e4 Be6 15. d4 Bg7 16. Qc2 Nh6 17. O-O O-O 18. Nc4 Bxc4 19. Qxc4+ Kh8 20. d5 cxd5 21. exd5 {Gilbert,A (1797)-Skou,N Reykjavik ISL 2025 1-0 (40)}) 7. Bg2 Nd7 8. O-O O-O $146 ({RR} 8... Nf8 9. Rb1 Ne6 10. a4 g5 11. Nb3 Ng6 12. e3 g4 13. Ne1 h5 14. exd4 exd4 15. f4 f5 16. Nc2 h4 17. Re1 hxg3 18. hxg3 Kf7 19. Qe2 c6 20. Qf2 a5 21. bxa5 Qf6 22. Bb2 Rd8 23. Ba3 {Rukavina,J (2415)-Mrkonjic,N (2331) Pula 1999 ½-½ (64)}) 9. a4 Rb8 10. Ba3 Re8 11. b5 Bf8 12. Ne4 Nf5 13. Bxf8 Nxf8 14. Qd2 Nd6 15. Nc5 f6 16. Ne1 b6 17. Nb3 a5 18. bxa6 Bxa6 19. a5 Ne6 20. Bc6 Re7 21. Nc2 bxa5 22. Nxa5 Nb7 23. Rfb1 Nbc5 24. Nb4 Rb6 25. Bd5 Re8 26. Nxa6 Rxa6 27. Kg2 Kg7 28. Nb7 Rxa1 29. Nxd8 Rxb1 30. Nxe6+ Nxe6 31. Qa5 Re7 32. Bxe6 Rxe6 33. Qxc7+ Kh6 34. Qc8 Rbb6 35. Qf8+ Kh5 36. Qg7 Kg5 37. Qxh7 e4 38. Qh4+ 1-0

[Event "Ubeda op 1st"]
[Site "Ubeda"]
[Date "1996.??.??"]
[Round "?"]
[White "Akopian, Vladimir Eduardovic"]
[Black "Burmakin, Vladimir"]
[Result "1-0"]
[WhiteElo "2620"]
[BlackElo "2535"]
[PlyCount "103"]
[EventDate "1996.01.??"]
[EventType "swiss"]
[EventRounds "10"]
[EventCountry "ESP"]
[SourceTitle "CBM 051 Extra"]
[Source "ChessBase"]
[SourceDate "1996.05.01"]
[SourceVersion "1"]
[SourceVersionDate "1996.05.01"]
[SourceQuality "1"]

1. Nf3 d5 2. g3 Nf6 3. Bg2 c6 4. O-O g6 5. b3 Bg7 6. Bb2 O-O 7. d3 Bg4 8. Nbd2 Ne8 $146 ({RR} 8... Qc8 9. Re1 Bh3 10. Bh1 h6 11. c4 Nbd7 12. Rc1 Qd8 13. Rc2 e6 14. Qa1 Nh5 15. Bxg7 Nxg7 16. Ne5 Nxe5 17. Qxe5 Ne8 18. b4 Qf6 19. Nf3 Qxe5 20. Nxe5 Nf6 21. b5 cxb5 22. cxb5 b6 23. f4 {Tolonen,L (2330)-Westerinen,H (2412) Finland 2002 ½-½ (40)}) ({RR} 8... Nbd7 9. h3 Bxf3 10. Nxf3 Re8 11. d4 a5 12. a4 Ne4 13. e3 e6 14. c4 Ndc5 15. Ne5 Na6 16. Nd3 Nd6 17. Qc2 Rc8 18. c5 Ne4 19. Kh2 Qc7 20. Rac1 h5 21. Bxe4 dxe4 22. Ne5 f5 23. Nxg6 {Nakamura,H (2780)-Topalov,V (2749) Saint Louis 2017 1-0 (38)}) ({RR} 8... Nbd7 9. h3 Bxf3 10. Nxf3 e6 11. c4 Ne8 12. Qc2 Bxb2 13. Qxb2 Qf6 14. Rab1 Qxb2 15. Rxb2 Nd6 16. cxd5 cxd5 17. Rc1 Rac8 18. Rbc2 Rxc2 19. Rxc2 Rc8 20. Rxc8+ Nxc8 21. d4 Nd6 22. e3 Ne4 23. Ne1 {Topalov,A (2233)-Antoniou,R (2041) chess.com INT 2025 1-0 (63)}) ({RR} 8... Qc8 9. Re1 Re8 10. c4 dxc4 11. Nxc4 Nbd7 12. h3 Bxf3 13. Bxf3 Nf8 14. Kh2 Ne6 15. Qd2 Qd8 16. Na5 Qb6 17. d4 Rad8 18. Nc4 Nxd4 19. Bxd4 Qxd4 20. Qxd4 Rxd4 21. e3 Rd7 22. Rad1 Red8 23. Rxd7 {Serafim Junior,A (1868)-Ferreira Jr,W (1954) Sao Paulo 2016 ½-½ (38)}) 9. Bxg7 Nxg7 10. c4 Qd6 11. d4 Rd8 12. Qc2 Nd7 13. e4 dxc4 14. Nxc4 Qc7 15. Nfe5 Nxe5 16. Nxe5 Be6 17. Qc3 Rac8 18. Rfd1 Ne8 19. Nd3 Nd6 20. a4 Ne8 21. b4 Ng7 22. Rac1 Bg4 23. Rd2 Bd7 24. h4 Qd6 25. Nc5 Rb8 26. d5 Qc7 27. Nb3 Rbc8 28. Qc5 Be8 29. Bh3 Ra8 30. Qc3 Qb8 31. a5 cxd5 32. exd5 Bd7 33. Bxd7 Rxd7 34. Rdd1 Qd8 35. Qf3 h5 36. Nc5 Rc7 37. d6 exd6 38. Nxb7 Qe7 39. Rxc7 Qxc7 40. Nxd6 Rb8 41. Ne4 Ne8 42. Rd4 Qe7 43. Qc3 Nf6 44. Rd8+ Qxd8 45. Nxf6+ Kf8 46. Nd7+ Qxd7 47. Qh8+ Ke7 48. Qxb8 Qd1+ 49. Kh2 Qd4 50. Qb7+ Ke6 51. Qc6+ Ke5 52. Qe8+ 1-0